| 000 | 00498nam a2200181 i 4500 | ||
|---|---|---|---|
| 001 | 103782 | ||
| 003 | ES-MaACL | ||
| 005 | 20230906183438.0 | ||
| 007 | t| | ||
| 008 | 051118s1913 gw ||||1| ger d | ||
| 100 | 1 |
_aMerkel, Adolf. _980556 |
|
| 245 | 1 | 0 |
_aJuristische Enzyklopèadie / _cvon Adolf Merkel. |
| 250 | _a5 Aufl/ Hrsg. von Rudolf Merkel. | ||
| 260 |
_aBerlin : _bGuttentag, _c1913. |
||
| 300 |
_a436 p. ; _c19 cm. |
||
| 700 | 1 |
_aMerkel, Rudolf. _980558 |
|
| 852 |
_aES-MaACL _jD-2506 |
||
| 999 |
_c103782 _d103782 |
||